Auckland Frequent Bus Routes on a Map - Statistics

General Stats
  • This quiz has been taken 300 times
    85 since last reset
  • The average score is 33 of 40
Answers on the Map
Answers color-coded by a green-red scale on the quiz's map according to % correct below.
 
Answer Stats
Bus Route % Correct
18 - New Lynn to City Centre
92%
13 - Te Atatu Peninsula Loop To Henderson
91%
70 - Botany to Britomart
91%
NX - Northern Express
91%
35 - Ormiston To Botany Via Chapel Rd
89%
12 - Henderson to Constellation
88%
14 - New Lynn To Westgate
88%
25 - Dominion Road to City Centre
88%
32 - Sylvia Park To Mangere
88%
11 - Northwest To City Centre
86%
20 - St Lukes To Wynyard Quarter
86%
27 - Mount Eden Road to City Centre
86%
30 - Onehunga To City Centre (Manukau Road)
86%
31 - Mangere To Botany
86%
75 - Glen Innes To Wynyard Quarter
86%
22 - New North Road to City Centre
85%
24 - Sandringham Road To City Centre
85%
36 - Onehunga to Manukau
85%
72 - Botany And Howick To Panmure
85%
33 - Papakura To Otahuhu (Great South Road)
83%
38 - Onehunga to Airport
83%
64 - Newmarket to St Lukes
83%
74 - Panmure To Glen Innes
83%
76 - Glen Innes To Britomart Via Orakei
83%
66 - Pt Chevalier to Sylvia Park
82%
67 - New Lynn to Onehunga via Avondale
82%
82 - Milford to City Centre
82%
94 - Beach Haven To Takapuna
82%
INN - InnerLink
82%
OUT - OuterLink
82%
WX - Northwest To City Centre Via Motorway
82%
65 - Selwyn Village to Glen Innes
80%
68 - New Lynn to Onehunga via Blockhouse Bay
80%
95 - Bayview to Britomart
80%
97 - Beach Haven To Britomart
80%
83 - Browns Bay To Takapuna
77%
CTY - CityLink
77%
TMK - TamakiLink
75%
AIR - AirportLink
68%
50 - Matiatia Wharf to Onetangi
60%
No matching quizzes found
Score Distribution
Percent of People with Each Score
Percentile by Number Answered
Your Score History
You have not taken this quiz since the last reset